Database system concepts (Record no. 489)

000 -LEADER
fixed length control field 00571nam a22002297a 4500
001 - CONTROL NUMBER
control field 489
003 - CONTROL NUMBER IDENTIFIER
control field BD-DhUET
008 - FIXED-LENGTH DATA ELEMENTS--GENERAL INFORMATION
fixed length control field 140722b xxu||||| |||| 00| 0 eng d
020 ## - INTERNATIONAL STANDARD BOOK NUMBER
International Standard Book Number 007124476X
040 ## - CATALOGING SOURCE
Transcribing agency 0
Modifying agency BD-DhUET
082 ## - DEWEY DECIMAL CLASSIFICATION NUMBER
Classification number 005.74
Item number SIL/2006
100 ## - MAIN ENTRY--PERSONAL NAME
Personal name Silberschatz, Abraham
245 ## - TITLE STATEMENT
Title Database system concepts
250 ## - EDITION STATEMENT
Edition statement 5th ed.
260 ## - PUBLICATION, DISTRIBUTION, ETC. (IMPRINT)
Place of publication, distribution, etc. Boston
Name of publisher, distributor, etc. McGraw-Hill
Date of publication, distribution, etc. 2006
300 ## - PHYSICAL DESCRIPTION
Extent xxvi,1142p.
Other physical details ill.
504 ## - BIBLIOGRAPHY, ETC. NOTE
Bibliography, etc Includes bibliographies
650 #0 - SUBJECT ADDED ENTRY--TOPICAL TERM
Topical term or geographic name as entry element Database management
700 ## - ADDED ENTRY--PERSONAL NAME
Personal name Korth, Henry F.
700 ## - ADDED ENTRY--PERSONAL NAME
Personal name Sudarshan, S.
942 ## - ADDED ENTRY ELEMENTS (KOHA)
Koha item type General Book
Holdings
Koha issues (times borrowed) Koha normalized classification for sorting Not for loan Location (home branch) Withdrawn status Date acquired Koha full call number Koha renewals Shelving location Sublocation or collection (holding branch) Price effective from Source of classification or shelving scheme Lost status Koha item type Copy number Koha date last seen Koha date last borrowed Piece designation (barcode) Damaged status
 007_000000000000000_74SIL2006 Central Library, BUET 2014-07-22007.74/SIL/2006 Circulation sectionCentral Library, BUET2014-07-22  General Book12014-07-22 103320 
 007_000000000000000_74SIL2006 Central Library, BUET 2014-07-22007.74/SIL/20062Circulation sectionCentral Library, BUET2014-07-22  General Book22016-12-24 103321 
 005_740000000000000_SIL2006 Central Library, BUET 2014-08-25005.74 SIL/2006 Circulation sectionCentral Library, BUET2014-08-25  General Book32014-08-25 103322 
1005_000000000000000_74SIL2006 Central Library, BUET 2014-08-25005.74/SIL/2006 Circulation sectionCentral Library, BUET2014-08-25  General Book42021-12-182021-12-04103323 
 005_000000000000000_74SIL2006 Central Library, BUET 2014-08-25005.74/SIL/2006 Circulation sectionCentral Library, BUET2014-08-25  General Book52014-08-25 103324 
 005_740000000000000_SIL_2006 Central Library, BUET 2014-08-25005.74/SIL/2006 Circulation sectionCentral Library, BUET2014-08-25  General Book62014-08-25 103325 
1005_740000000000000_SIL_2006 Central Library, BUET 2014-08-25005.74/SIL/2006 Circulation sectionCentral Library, BUET2014-08-25  General Book72017-07-162017-07-01103326 
 005_000000000000000_74SIL2006 Central Library, BUET 2014-08-25005.74/SIL/2006 Circulation sectionCentral Library, BUET2014-08-25  General Book82014-08-25 103327 
 005_000000000000000_74SIL2006 Central Library, BUET 2014-08-25005.74/SIL/2006 Circulation sectionCentral Library, BUET2014-08-25  General Book92014-08-25 103328 
 005_000000000000000_74SIL2006 Central Library, BUET 2014-08-25005.74/SIL/2006 Circulation sectionCentral Library, BUET2014-08-25  General Book102014-08-25 103329 
 005_740000000000000_SIL_2006 Central Library, BUET 2015-06-09005.74/SIL/2006 Reading sectionCentral Library, BUET2015-06-09  Reading Item112015-06-09 102172 
 005_740000000000000_SIL_2006 Central Library, BUET 2015-06-09005.74/SIL/2006 Reading sectionCentral Library, BUET2015-06-09  Reading Item122015-06-09 102554